00533nam a2200133Ia 4500008004100000100002700041245010400068245007900172260005300251260000900304300001000313650001500323856006100338170221s9999 xx 000 0 und d aMuhammad Shaukat Malik aImpact of Ethical Leadership on Employees’ Performance: Moderating Role of Organizational Values  cMuhammad Shaukat Malik, Mustabsar Awais, Ahmad Timsal, Umer Hameed Qureshi bInternational Review of Management and Marketing c2016 a6 : 3 xMarketing. uhttp://www.econjournals.com/index.php/irmm/issue/view/82